[Event "Aragon-chT Preferente Gr II"]
[Site "Aragon"]
[Date "2022.03.05"]
[Round "6.61"]
[White "Serrano San Nicolas, Angel"]
[Black "Sanclemente Aragues, Angel"]
[Result "1-0"]
[WhiteElo "1961"]
[BlackElo "1605"]
[PlyCount "47"]
[EventDate "2022.01.29"]
[EventType "team-tourn"]
[EventRounds "9"]
[EventCountry "ESP"]
[SourceTitle "EXT 2024"]
[Source "ChessBase"]
[SourceDate "2023.10.10"]
[SourceVersion "1"]
[SourceVersionDate "2023.10.10"]
[SourceQuality "1"]
[WhiteTeam "San Jose"]
[BlackTeam "Enroque Barbastro"]
[WhiteTeamCountry "ESP"]
[BlackTeamCountry "ESP"]

1. e4 c6 2. d4 d5 3. f3 e6 4. Nc3 a6 5. Be3 b5 6. Bd3 Nd7 7. Nh3 Bb7 8. 0-0 c5 9. exd5 exd5 10. Re1 c4 11. Bf5 Bd6 12. Bh6+ Ne7 13. Bxg7 Rg8 14. Bh6 Qc7 15. Rxe7+ Bxe7 16. Qe2 Qd6 17. Re1 Kd8 18. Nf4 Bf6 19. Qd2 Qb6 20. Rd1 Ne5 21. Kh1 Ng6 22. Nfxd5 Qd6 23. Nxf6 Kc7 24. Nxg8 1-0

[Event "Aragon-chT Preferente Gr II"]
[Site "Aragon"]
[Date "2022.02.19"]
[Round "4.66"]
[White "Del Corral Abancens, Alfonso"]
[Black "Serrano San Nicolas, Angel"]
[Result "0-1"]
[WhiteElo "1872"]
[BlackElo "1961"]
[PlyCount "54"]
[EventDate "2022.01.29"]
[EventType "team-tourn"]
[EventRounds "9"]
[EventCountry "ESP"]
[SourceTitle "EXT 2024"]
[Source "ChessBase"]
[SourceDate "2023.10.10"]
[SourceVersion "1"]
[SourceVersionDate "2023.10.10"]
[SourceQuality "1"]
[WhiteTeam "Shatranj"]
[BlackTeam "San Jose"]
[WhiteTeamCountry "ESP"]
[BlackTeamCountry "ESP"]

1. e4 d5 2. exd5 Qxd5 3. Nf3 Bg4 4. Be2 Nc6 5. Nc3 Qd7 6. 0-0 0-0-0 7. d3 e5 8. Be3 f5 9. Ne1 Bxe2 10. Qxe2 f4 11. Bc1 Nf6 12. Nf3 Bd6 13. b3 g5 14. Bb2 g4 15. Ng5 Nd4 16. Qd1 Rhg8 17. Nge4 Nxe4 18. Nxe4 Qf5 19. Bxd4 exd4 20. f3 h5 21. Qe2 Ba3 22. Qd2 Rdf8 23. Rae1 a5 24. Qf2 Qd5 25. Qe2 Rg6 26. c3 dxc3 27. Nxc3 Qc5+ 0-1

[Event "Aragon-chT Preferente Gr II"]
[Site "Aragon"]
[Date "2022.02.12"]
[Round "3.59"]
[White "Perez Tomas, Juan Manuel"]
[Black "Serrano San Nicolas, Angel"]
[Result "0-1"]
[WhiteElo "1638"]
[BlackElo "1961"]
[PlyCount "80"]
[EventDate "2022.01.29"]
[EventType "team-tourn"]
[EventRounds "9"]
[EventCountry "ESP"]
[SourceTitle "EXT 2024"]
[Source "ChessBase"]
[SourceDate "2023.10.10"]
[SourceVersion "1"]
[SourceVersionDate "2023.10.10"]
[SourceQuality "1"]
[WhiteTeam "Marcos Frechin II"]
[BlackTeam "San Jose"]
[WhiteTeamCountry "ESP"]
[BlackTeamCountry "ESP"]

1. e4 d5 2. exd5 Qxd5 3. Nc3 Qd6 4. Nf3 Nf6 5. d4 c6 6. g3 Bg4 7. Bg2 h6 8. Qd3 Qe6+ 9. Be3 Na6 10. a3 Bh3 11. Bxh3 Qxh3 12. Ne5 Nc7 13. Qc4 Qe6 14. Qb4 0-0-0 15. Qa4 Na6 16. Ne2 g5 17. c4 Ng4 18. Nxg4 Qxg4 19. b4 Qe4 20. 0-0 e5 21. b5 exd4 22. Nxd4 Nc5 23. Qxa7 Rxd4 24. Bxd4 Qxd4 25. Rfd1 Qf6 26. Qa8+ Kc7 27. b6+ Kxb6 28. Rab1+ Kc7 29. Qa5+ Kc8 30. Re1 Bd6 31. a4 h5 32. Re3 h4 33. Rbe1 Ne6 34. Kg2 hxg3 35. hxg3 Bc5 36. R3e2 Qh6 37. Rxe6 Qh3+ 38. Kf3 Qf5+ 39. Ke2 Qxe6+ 40. Kd2 Rd8+ 0-1

[Event "Aragon-chT Honor GrA "]
[Site "Aragon"]
[Date "2012.02.18"]
[Round "3.3"]
[White "Hernando Garcia, Antonio"]
[Black "Serrano San Nicolas, Angel"]
[Result "0-1"]
[WhiteElo "2219"]
[BlackElo "1959"]
[PlyCount "112"]
[EventDate "2012.02.04"]
[EventType "team-tourn"]
[EventRounds "7"]
[EventCountry "ESP"]
[SourceTitle "EXT 2014"]
[Source "ChessBase"]
[SourceDate "2013.11.20"]
[SourceVersion "1"]
[SourceVersionDate "2013.11.20"]
[SourceQuality "1"]
[WhiteTeam "Olivar"]
[BlackTeam "Ramiro II"]
[WhiteTeamCountry "ESP"]
[BlackTeamCountry "ESP"]

1. Nf3 f5 2. e4 fxe4 3. Ng5 g6 4. d3 h6 5. Nxe4 d5 6. Ng3 Be6 7. d4 Nf6 8. Bd3 Rg8 9. c3 Qd7 10. Qc2 Bf7 11. Nd2 Nc6 12. Nf3 0-0-0 13. Bf4 e6 14. 0-0-0 g5 15. Be5 Bg7 16. h3 Bh8 17. Rde1 Nh5 18. Bxh8 Nxg3 19. fxg3 Rxh8 20. Bb5 Qd6 21. Bxc6 bxc6 22. Ne5 Be8 23. b4 c5 24. bxc5 Qa6 25. Re3 Rf8 26. Rhe1 Bb5 27. Nd3 Bxd3 28. Rxd3 Rf6 29. Rde3 Rdf8 30. Qe2 Qa5 31. Qb2 Qa6 32. Kd2 Rf2+ 33. R3e2 e5 34. dxe5 h5 35. Qb3 Qe6 36. Kd1 g4 37. h4 R8f5 38. Qb5 a6 39. Qd3 Rf1 40. Rxf1 Rxf1+ 41. Kc2 Qc6 42. e6 Qa4+ 43. Kb2 Rd1 44. Rd2 Qb5+ 45. Qxb5 Rxd2+ 46. Kc1 axb5 47. Kxd2 Kd8 48. Ke3 Ke7 49. Kf4 Kxe6 50. Kg5 b4 51. cxb4 d4 52. Kf4 Kd5 53. c6 Kc4 54. b5 Kxb5 55. Ke4 Kc4 56. Kf4 d3 0-1

[Event "Aragon-chT Preferente"]
[Site "Spain"]
[Date "2010.01.30"]
[Round "2.27"]
[White "Solano Lasierra, Javier"]
[Black "Serrano San Nicolas, Angel"]
[Result "1/2-1/2"]
[WhiteElo "2142"]
[BlackElo "1865"]
[PlyCount "134"]
[EventDate "2010.01.23"]
[EventType "team-swiss"]
[EventRounds "12"]
[EventCountry "ESP"]
[SourceTitle "EXT 2013"]
[Source "ChessBase"]
[SourceDate "2012.11.22"]
[SourceVersion "1"]
[SourceVersionDate "2012.11.22"]
[SourceQuality "1"]
[WhiteTeam "La Aurora Estadilla"]
[BlackTeam "Calatayud"]
[WhiteTeamCountry "ESP"]
[BlackTeamCountry "ESP"]

1. d4 Nf6 2. c4 c5 3. d5 d6 4. Nc3 g6 5. e4 Bg7 6. f4 0-0 7. Nf3 Bg4 8. Bd3 Nbd7 9. 0-0 a6 10. a4 Ne8 11. h3 Bxf3 12. Qxf3 Bd4+ 13. Be3 Nc7 14. Qf2 e5 15. dxe6 Nxe6 16. Ne2 Bxe3 17. Qxe3 Qf6 18. Rad1 Nd8 19. Rd2 Nc6 20. Bb1 Nb6 21. b3 Rad8 22. Rfd1 Nc8 23. g4 h6 24. Kg2 Kh7 25. Kg3 Kg7 26. h4 Rfe8 27. g5 Qe7 28. Qc3+ f6 29. gxh6+ Kxh6 30. Kf2 f5 31. Ng3 fxe4 32. Bxe4 Nd4 33. h5 Qf6 34. Kg2 Rxe4 35. Nxe4 Qxf4 36. Ng3 Re8 37. Rf2 Qe3 38. Qb2 Re5 39. Qd2 Ne7 40. Qxe3+ Rxe3 41. Rf6 Kg5 42. Rxd6 Rxg3+ 43. Kxg3 Nef5+ 44. Kf2 Nxd6 45. hxg6 Kxg6 46. Ke3 Kf6 47. Kd3 Ke6 48. Re1+ Kd7 49. Kc3 Kc6 50. b4 b6 51. a5 N6f5 52. axb6 cxb4+ 53. Kxb4 Nc2+ 54. Ka5 Nxe1 55. Kxa6 Nd6 56. Ka5 Nxc4+ 57. Kb4 Nxb6 58. Kc3 Kc5 59. Kd2 Ng2 60. Kd3 Nf4+ 61. Ke4 Ne6 62. Ke5 Kc6 63. Ke4 Nd7 64. Kd3 Nf6 65. Ke3 Kd5 66. Kd3 Ne4 67. Ke3 Nf6 1/2-1/2